<?xml version="1.0" encoding="UTF-8"?>
<record
    xmlns:xsi="http://www.w3.org/2001/XMLSchema-instance"
    xsi:schemaLocation="http://www.loc.gov/MARC21/slim http://www.loc.gov/standards/marcxml/schema/MARC21slim.xsd"
    xmlns="http://www.loc.gov/MARC21/slim">

  <leader>00756nam a22002537a 4500</leader>
  <controlfield tag="003">UA-OsUOA</controlfield>
  <controlfield tag="001"> 654 </controlfield>
  <controlfield tag="007">ta</controlfield>
  <controlfield tag="008">20050623b un ||||| |||| 00| 0 ukr d</controlfield>
  <datafield tag="100" ind1=" " ind2=" ">
    <subfield code="a">&#x425;&#x43E;&#x43C;&#x435;&#x43D;&#x43A;&#x43E; &#x41B;.&#x413;.</subfield>
  </datafield>
  <datafield tag="090" ind1=" " ind2=" ">
    <subfield code="a">681.5(091)(477)</subfield>
    <subfield code="b">&#x425;76</subfield>
  </datafield>
  <datafield tag="942" ind1=" " ind2=" ">
    <subfield code="c">BK</subfield>
  </datafield>
  <datafield tag="040" ind1=" " ind2=" ">
    <subfield code="a">UA-OsUOA</subfield>
    <subfield code="b">ukr</subfield>
    <subfield code="c">UA-OsUOA</subfield>
    <subfield code="d">UA-OsUOA</subfield>
  </datafield>
  <datafield tag="245" ind1=" " ind2=" ">
    <subfield code="a">&#x415;&#x43B;&#x435;&#x43A;&#x442;&#x440;&#x43E;&#x43D;&#x43D;&#x430; &#x456;&#x43D;&#x444;&#x43E;&#x440;&#x43C;&#x430;&#x446;&#x456;&#x439;&#x43D;&#x430; &#x446;&#x438;&#x432;&#x456;&#x43B;&#x456;&#x437;&#x430;&#x446;&#x456;&#x44F;</subfield>
    <subfield code="b">&#x41C;&#x43E;&#x43D;&#x43E;&#x433;&#x440;&#x430;&#x444;&#x456;&#x44F;</subfield>
  </datafield>
  <datafield tag="300" ind1=" " ind2=" ">
    <subfield code="a">208 &#x441;.</subfield>
  </datafield>
  <datafield tag="955" ind1=" " ind2=" ">
    <subfield code="a">1</subfield>
  </datafield>
  <datafield tag="041" ind1=" " ind2=" ">
    <subfield code="a">ukr</subfield>
  </datafield>
  <datafield tag="080" ind1=" " ind2=" ">
    <subfield code="a">681.5(091)(477)</subfield>
  </datafield>
  <datafield tag="020" ind1=" " ind2=" ">
    <subfield code="a">966-8283-11-2</subfield>
  </datafield>
  <datafield tag="260" ind1=" " ind2=" ">
    <subfield code="a">&#x41A;.</subfield>
    <subfield code="b">&#x411;&#x406;&#x417;&#x41E;&#x41D;</subfield>
    <subfield code="c">2004</subfield>
  </datafield>
  <datafield tag="246" ind1="3" ind2="1">
    <subfield code="a">&#x434;&#x43E;&#x441;&#x432;&#x456;&#x434; &#x440;&#x43E;&#x437;&#x431;&#x443;&#x434;&#x43E;&#x432;&#x438; &#x432; &#x423;&#x43A;&#x440;&#x430;&#x457;&#x43D;&#x456;</subfield>
    <subfield code="n"></subfield>
  </datafield>
  <datafield tag="650" ind1=" " ind2="7">
    <subfield code="a">681.5 &#x410;&#x432;&#x442;&#x43E;&#x43C;&#x430;&#x442;&#x438;&#x43A;&#x430;. &#x422;&#x435;&#x445;&#x43D;&#x456;&#x447;&#x43D;&#x430; &#x43A;&#x456;&#x431;&#x435;&#x440;&#x43D;&#x435;&#x442;&#x438;&#x43A;&#x430;</subfield>
    <subfield code="2">UDC</subfield>
  </datafield>
  <datafield tag="999" ind1=" " ind2=" ">
    <subfield code="c">286819</subfield>
    <subfield code="d">286819</subfield>
  </datafield>
  <datafield tag="952" ind1=" " ind2=" ">
    <subfield code="0">0</subfield>
    <subfield code="1">0</subfield>
    <subfield code="2">udc</subfield>
    <subfield code="4">0</subfield>
    <subfield code="7">0</subfield>
    <subfield code="a">101</subfield>
    <subfield code="b">101</subfield>
    <subfield code="d">2005-06-23</subfield>
    <subfield code="e">98/2005</subfield>
    <subfield code="g">4.00</subfield>
    <subfield code="i">86332</subfield>
    <subfield code="l">0</subfield>
    <subfield code="o">681.5(091)(477) &#x425;76</subfield>
    <subfield code="p">86332</subfield>
    <subfield code="r">2021-12-29 00:00:00</subfield>
    <subfield code="w">2005-06-23</subfield>
    <subfield code="y">BK</subfield>
  </datafield>
  <datafield tag="952" ind1=" " ind2=" ">
    <subfield code="0">0</subfield>
    <subfield code="1">0</subfield>
    <subfield code="2">udc</subfield>
    <subfield code="4">0</subfield>
    <subfield code="7">0</subfield>
    <subfield code="a">101</subfield>
    <subfield code="b">101</subfield>
    <subfield code="d">2005-06-23</subfield>
    <subfield code="e">98/2005</subfield>
    <subfield code="g">4.00</subfield>
    <subfield code="i">86333</subfield>
    <subfield code="l">0</subfield>
    <subfield code="o">681.5(091)(477) &#x425;76</subfield>
    <subfield code="p">86333</subfield>
    <subfield code="r">2021-12-29 00:00:00</subfield>
    <subfield code="w">2005-06-23</subfield>
    <subfield code="y">BK</subfield>
  </datafield>
</record>
